000 00958nam a2200241Ia 4500
001 19471
003 GE_BSU
008 181216s||||||||xx |||||||||||||| ||und||
040 _cGE_BSU
080 _a091(=353.1)
245 _aმრავალთავი ფილოლოგიურ-ისტორიული ძიებანი VI= Мравалтави
245 _cტომის რედ:ნ.ჯანაშია
260 _aთბილისი
260 _bმეცნიერება
260 _c1978
300 _a246 გვ; 27 სმ.
300 _b1ფ პორტრეტი
541 _h6ლ.
653 _aეძღვნება ილია აბულაძის დაბადების სამოცდამეთხუთმეტე წლიასთავს.
653 _aქართული ენა
653 _aქართული ენის ისტორია
942 _cBK
999 _c52448
_d52448